| 000 | 01099nam a2200217 i 4500 | ||
|---|---|---|---|
| 001 | 170629 | ||
| 003 | ES-MaACL | ||
| 005 | 20250824072843.0 | ||
| 008 | 090325s1934 ag |||| | spa d | ||
| 080 | _a821.134.2 (82)-2"18" | ||
| 100 | 1 |
_aSojo, Eduardo, _d1849-1908 _9107028 |
|
| 245 | 1 | 0 |
_aDon Quijote en Buenos Aires _b: revista bufo política de circunstancias, en un acto / _cpor Eduardo Sojo ; [noticia de María Sara Pinto Alvárez]. |
| 260 |
_aBuenos Aires : _b[s.n.], _c1934 ( _fImp. de la Universidad) |
||
| 300 |
_a3 h., p. 170-228 ; _c23 cm. |
||
| 490 | 1 |
_aSección de documentos. Primera serie. T. V: Teatro político / Facultad de Filosofía y Letras de la Universidad de Buenos Aires, Instituto de Literatura Argentina ; _v3 |
|
| 700 | 1 |
_aPinto Alvárez, María Sara. _9152234 |
|
| 710 | 2 |
_aUniversidad de Buenos Aires. _bInstituto de Literatura Argentina. _9139614 |
|
| 830 | 0 | 0 |
_aSección de documentos. _pPrimera serie. _pTeatro político (Instituto de Literatura Argentina) _v3 _9188960 |
| 852 |
_aES-MaACL _jC-6631(3) _z- Enc. en un vol. facticio |
||
| 999 |
_c170629 _d170629 |
||